| 000 | 00942nas a2200313 4500 | ||
|---|---|---|---|
| 001 | BR0404978 | ||
| 003 | BR-BrBNA | ||
| 005 | 20231205104913.0 | ||
| 007 | ta | ||
| 008 | 230509b bl.|||p| |||| 00| 00por d | ||
| 040 |
_aBR-BrBNA _bpor _cBiblioteca Nacional de Agricultura |
||
| 041 | _a(Pt) | ||
| 072 | _aJ11 | ||
| 100 | 1 | _aBenato, E.A. | |
| 100 | 1 | _aSigrist, J.M.M. | |
| 100 | 1 | _aHanashiro, M.M. | |
| 100 | 1 | _aMagalhães, M.J.M. de | |
| 100 | 1 | _aBinotti, C.S. | |
| 245 | 1 | _aAvaliação de fungicidas e produtos alternativos no controle de podridões pós-colheita em maracujá-amarelo | |
| 650 | _aMARACUJÁ | ||
| 650 | _aPÓS-COLHEITA | ||
| 650 | _aPODRIDÃO | ||
| 650 | _aANTRACNOSE | ||
| 650 | _aFUNGICIDA | ||
| 650 | _aARMAZENAMENTO | ||
| 773 | 0 |
_tSumma Phytopathologica (Brazil) _xISSN 0100-5405 _g(Oct-Dec 2002), v. 28(4) p. 299-304 _wBR0404978 |
|
| 909 |
_a202311 _bLúcia _c55 _dLúcia Elande |
||
| 942 |
_2AGRIS _n0 _cANA |
||
| 999 |
_c180222 _d180222 |
||